Playa de Oro International Airport Destinations (Manzanillo, Mexico) - Statistics

General Stats
  • This quiz has been taken 20 times
    11 since last reset
  • The average score is 6 of 7
Answer Stats
Airline Destination % Correct
American Eagle Dallas/Fort Worth
100%
United Express Houston (Intercontinental)
100%
Aeroméxico/Aeroméxico Connect Mexico City
100%
Aeroméxico/Alaska Airlines Los Angeles
91%
American Eagle Phoenix (Sky Harbor)
82%
WestJet Calgary
73%
Aeroméxico Connect Atlanta
36%
No matching quizzes found
Score Distribution
Percent of People with Each Score
Percentile by Number Answered
Your Score History
You have not taken this quiz since the last reset